| 000 | 00000cam 2200000zi 4500 |
| 001 | 9.915664 |
| 003 | CaOODSP |
| 005 | 20260226120940 |
| 006 | m o d f |
| 007 | cr cn||||||||| |
| 008 | 220923t20222023oncb ob f000 0 eng d |
| 040 | |aCaOODSP|beng|erda|cCaOODSP |
| 043 | |an-cn--- |
| 086 | 1 |aP29-003-005-2022E-PDF |
| 245 | 00|aAutomotive gasoline. |
| 250 | |a[August 2023 edition]. |
| 264 | 1|aOttawa, Ontario : |bCanadian General Standards Board : |bStandards Council of Canada, |c2022. |
| 264 | 4|c©2023 |
| 300 | |a1 online resource (32 pages) : |bmaps. |
| 336 | |atext|btxt|2rdacontent |
| 337 | |acomputer|bc|2rdamedia |
| 338 | |aonline resource|bcr|2rdacarrier |
| 490 | 1 |aNational standard of Canada ; |vCAN/CGSB-3.5-2021, Amendment No. 1 |
| 500 | |a"Published September 2022." |
| 500 | |a"Corrigendum No. 1 August 2023." |
| 500 | |a"Experience and excellence"--Cover. |
| 500 | |a"Supersedes CAN/CGSB-3.5-2016 and Amendment No. 1, Jan. 2017." |
| 500 | |aIssued also in French under title: Essence automobile. |
| 504 | |aIncludes bibliographical references (pages 24-25). |
| 520 | |a"This National Standard of Canada applies to four grades of gasoline to which no lead or phosphorus compounds have been added. They are intended for use in spark-ignition engines under a wide range of climatic conditions"--Scope, page 1. |
| 650 | 0|aGasoline|xStandards|zCanada. |
| 650 | 0|aGasoline industry|xStandards|zCanada. |
| 650 | 0|aMotor fuels|xStandards|zCanada. |
| 710 | 2 |aCanadian General Standards Board, |eissuing body. |
| 710 | 2 |aStandards Council of Canada, |eissuing body. |
| 775 | 08|tEssence automobile.|w(CaOODSP)9.915665 |
| 794 | |tAutomotive gasoline.|b[February 2026 edition]|w(CaOODSP)9.958638 |
| 795 | |tAutomotive gasoline.|b[October 2021 edition]|w(CaOODSP)9.904470 |
| 830 | #0|aNational standard of Canada ;|vCAN/CGSB-3.5-2021, Amendment No. 1.|w(CaOODSP)9.507848 |
| 856 | 40|qPDF|s3.88 MB|uhttps://publications.gc.ca/collections/collection_2022/ongc-cgsb/P29-003-005-2022-eng.pdf|zCorrigendum No. 1 August 2023 |
| 986 | |aICS 75.160.20 |